000 01117ntm a2200277 a 4500
001 75873
003 BD-RjUL
005 20211209082745.0
008 190805s2017 bg a|||| bm|| 00| 0 eng d
035 _a(BD-RjUL)76092
040 _aBD-RjUL
_beng
_cBD-RjUL
_dBD-RjUL
041 _aeng
082 _a174.4095492
_223
_bMUB 2017
100 1 _aMurad, Md. Nazmul Ahsan
_9232660
245 1 0 _aBusiness Ethics in Life Insurance Companies in Bangladesh /
_cMd. Nazmul Ahsan Murad ;
_6Supervisor: Md. Akhtar Ali
260 _aRajshahi :
_bInstitute of Bangladesh Studies, University of Rajshahi,
_c2017
300 _axxiv, 267 leaves :
_bIll. ;
_c29 cm.
502 _aThesis (Ph. D.) -- Institute of Bangladesh Studies, University of Rajshahi, 2017
504 _aBibliography: Leaves [256]-267
600 _d
_9232694
650 _aBusiness ethics
_xlife insurance Companies
_zBangladesh
_xCase studies.
_9232662
650 _aLife insurance
_xLaw and legislation
_zBangladesh
_9232663
650 _aLife insurance policies
_zBangladesh
_9232664
700 _aAli, Md. Akhtar, Supervisor
_9232665
942 _2ddc
_cTHE
999 _c75873
_d75873